00175nam a22000857a 4500040000800000082002300008100001200031245002000043260002600063 c300 a300 WIIL 1994 C083 aWILLIAM aEthics modeling aPhnom PenhbWILc1994